000 00365nam a2200145Ia 4500
008 230917s9999||||xx |||||||||||||| ||und||
040 _e200077
_aMAIN
041 _aEnglish
082 _a346.092 A38I
100 _aAgarwal, Sanjiv
245 0 _aInvestor's guide to depositories
260 _aNew Delhi
_bBharat Law House
_c2000
300 _a316 p.
942 _cBK
999 _c160155
_d160155